| 000 | 00566nam a22002171 4500 | ||
|---|---|---|---|
| 001 | 4062354 | ||
| 005 | 20180221035559.0 | ||
| 008 | 800124s1967 nyua b 000 0 eng | ||
| 010 | _a 67013513 | ||
| 040 |
_aDLC _cDLC _dDLC |
||
| 041 | _aeng | ||
| 043 | _an-us--- | ||
| 080 | _a370.973 MEY | ||
| 082 | 0 | 0 | _a370.973 MEY |
| 100 | 1 | _a47 | |
| 101 | _aEDU | ||
| 245 | 1 | 3 |
_aAn educational history of the American people _c[by] Adolphe E. Meyer. |
| 504 | _aBibliography: p. [421]-477. | ||
| 906 |
_a7 _bcbc _corignew _du _eocip _f19 _gy-gencatlg |
||
| 942 |
_2ddc _cBK |
||
| 999 |
_c42999 _d42999 |
||